000 00314nab a22001097u 4500
008 130520b1985 xxu||||| |||| 00| 0 spa d
041 _aspa
100 1 _aBaudry, Paul
_953488
245 0 0 _aNuevos datos sobre el suicidio
_cPaul Baudry
773 0 _tConcilium
_gV.1,1985,págs.315-325
_x0210-1041
_wRev134
942 _cAR
999 _c355134
_d355134